[Event "TCh-CZE 2001-2"]
[Site "CZE"]
[Date "2001.12.16"]
[Round "5"]
[White "Obsivac,J"]
[Black "Vyskocil,N"]
[Result "0-1"]
[WhiteElo "2348"]
[BlackElo "2297"]

1.d4 d5 2.e3 Nf6 3.c4 dxc4 4.Bxc4 e6 5.Nf3 c5 6.O-O a6 7.Qe2 b5 8.Bb3 Nbd7
9.a4 b4 10.e4 cxd4 11.Rd1 Bb7 12.Nxd4 Qc7 13.Nd2 Bc5 14.N2f3 O-O 15.Be3 Bxe4
16.Rac1 Qb6 17.Ng5 Bd5 18.a5 Qd6 19.Bxd5 exd5 20.Qf3 Bxd4 21.Bxd4 h6 22.Nh3 Rac8
23.Nf4 Rxc1 24.Rxc1 Re8 25.Rd1 Re4 26.Nh5 Nxh5 27.Qxh5 Ne5 28.Qh3 Qe6 29.Qxe6 fxe6
30.Kf1 Nc6 31.Bb6 Kf7 32.b3 Ke7 33.Rd3 Kd6 34.Rg3 g5 35.Rh3 Ne5 36.Rxh6 Nd3
37.g3 Re1+ 38.Kg2 Rb1 39.h4 gxh4 40.gxh4 Rxb3 41.h5 Rc3 42.Rh8 b3 43.Be3 b2
44.Rb8 Rc4 45.h6 Rh4 46.Kg3 Rh1 47.h7 Rxh7 48.Bd4 Rc7 49.Bxb2 Nxb2 50.Rxb2 Rc5
51.Rb6+ Rc6 52.Rb3 d4 53.Kf4 Kd5 54.Rb8 e5+ 55.Kf3 e4+ 56.Ke2 Rc2+ 57.Ke1 Rc5
58.Rh8 Kc4 59.Rh4 Kd3 60.Rh3+ e3  0-1

[Event "XIV Carlos Torre"]
[Site "Merida MEX"]
[Date "2001.12.19"]
[Round "6"]
[White "Graf,A"]
[Black "Borges Mateos,J"]
[Result "1-0"]
[WhiteElo "2610"]
[BlackElo "2436"]

1.d4 d5 2.c4 dxc4 3.Nf3 Nf6 4.e3 e6 5.Bxc4 c5 6.Qe2 cxd4 7.exd4 Nc6 8.Be3 a6
9.a4 Be7 10.O-O O-O 11.Nc3 b6 12.Rad1 Nb4 13.Ne5 Bb7 14.f4 g6 15.f5 exf5
16.Bh6 Nbd5 17.Rd3 Re8 18.Rxf5 Bf8 19.Rxf6 Qxf6 20.Bxd5 Bxd5 21.Nxd5 Qd6
22.Qf3  1-0

[Event "TCh-BEL 2001-2"]
[Site "Belgium BEL"]
[Date "2001.12.23"]
[Round "5"]
[White "Defize,A"]
[Black "Gouret,T"]
[Result "1-0"]
[WhiteElo "2271"]
[BlackElo "2270"]

1.d4 d5 2.c4 dxc4 3.Nf3 Nf6 4.e3 e6 5.Bxc4 c5 6.O-O Nc6 7.Qe2 cxd4 8.Rd1 Be7
9.exd4 O-O 10.Nc3 Nb4 11.Ne5 a6 12.Bb3 Bd7 13.Bg5 Bc6 14.Nxc6 bxc6 15.Rac1 Qa5
16.Ne4 Rab8 17.Nxf6+ Bxf6 18.Bxf6 gxf6 19.Rc3 Kh8 20.a3 Nd5 21.Qh5 Rg8 22.Rc5 Qc7
23.Bxd5 exd5 24.Qf5 Qd6 25.b4 Rbe8 26.Ra5 Re6 27.Rxa6 Rg5 28.Qf3 Qc7 29.g3 h5
30.Rc1 Qd7 31.Kg2 Kg7 32.Qc3 Rg4 33.h3 Rge4 34.Qf3 Kg6 35.Ra8 Re8 36.Rxe8 Qxe8
37.Qd3 Kg7 38.a4 Qb8 39.b5 cxb5 40.axb5 Qb6 41.Rc5 Qd8 42.b6 Qxb6 43.Rxd5 f5
44.Rxf5 Rxd4 45.Qf3 Qg6 46.Rxh5 Qe4 47.Qxe4 Rxe4 48.Ra5 Rb4 49.g4 Kg6 50.Kg3 Rb3+
51.f3 Rc3 52.h4 Rb3 53.Ra6+ Kg7 54.g5 Rc3 55.Kg4 Rc4+ 56.f4 Rc7 57.h5 Rb7
58.h6+ Kh7 59.Kf5 Rb5+ 60.Kf6 Rb4  1-0

[Event "8th Open"]
[Site "Bosnjaci CRO"]
[Date "2002.01.05"]
[Round "4"]
[White "Jankovic,A"]
[Black "Solic,K"]
[Result "1-0"]
[WhiteElo "2273"]
[BlackElo "2109"]

1.d4 d5 2.c4 dxc4 3.Nf3 e6 4.e3 Nf6 5.Bxc4 c5 6.O-O Be7 7.Nc3 O-O 8.a3 a6
9.Bd3 b5 10.dxc5 Bxc5 11.b4 Be7 12.Bb2 Bb7 13.Ng5 h6 14.Nge4 Nbd7 15.Qe2 Qb6
16.f4 Rac8 17.Rad1 Rfd8 18.Ng3 Nd5 19.Nxd5 Bxd5 20.Bd4 Qb7 21.Nh5 g6 22.Ng3 Bf6
23.Bb2 e5 24.Rf2 e4 25.Bb1 Bc4 26.Qe1 Bd5 27.Bxf6 Nxf6 28.Rfd2 Qe7 29.Rd4 Rd7
30.Bxe4 Bxe4 31.Nxe4 Rxd4 32.Nxf6+ Qxf6 33.Rxd4 Rc2 34.h3 Qc6 35.Qg3 Rc3
36.f5 Qb6 37.fxg6 Qxg6 38.Rg4  1-0

[Event "54th ch-YUG Youth"]
[Site "Obrenovac YUG"]
[Date "2002.01.09"]
[Round "1"]
[White "Djukic,Ni"]
[Black "Lecic,P"]
[Result "1-0"]
[WhiteElo "2383"]
[BlackElo "2149"]

1.d4 d5 2.c4 dxc4 3.Nf3 Nf6 4.e3 e6 5.Bxc4 c5 6.O-O a6 7.Bb3 b5 8.a4 Bb7
9.axb5 axb5 10.Rxa8 Bxa8 11.Qe2 Qb6 12.dxc5 Bxc5 13.Nc3 Bc6 14.Ne5 Ne4 15.Qf3 Nf6
16.Nxc6 Nxc6 17.Qe2 Na5 18.Bc2 b4 19.Na4 Qc6 20.Bd2 Bd6 21.Rc1 Qb7 22.Nc5 Qb6
23.Ba4+ Ke7 24.Nd3 Rd8 25.e4 Qd4 26.e5 Bxe5 27.Bxb4+ Bd6 28.Bxa5 Ra8 29.b4 Rxa5
30.bxa5 Qxa4 31.Ne5 Qf4 32.Re1 Nd7 33.Nc6+ Ke8 34.g3  1-0

[Event "28th ch-YUG Youth Women"]
[Site "Obrenovac YUG"]
[Date "2002.01.11"]
[Round "3"]
[White "Djuric,Ve"]
[Black "Vasic,M"]
[Result "1-0"]
[WhiteElo "2094"]
[BlackElo "2167"]

1.d4 d5 2.Nf3 Nf6 3.c4 dxc4 4.e3 e6 5.Bxc4 c5 6.O-O a6 7.e4 Nxe4 8.d5 Be7
9.dxe6 Bxe6 10.Bxe6 Qxd1 11.Rxd1 fxe6 12.Re1 Nd6 13.Rxe6 Kd7 14.Re2 Nc6 15.Nc3 Rae8
16.Bf4 Bf6 17.Rd2 Nd4 18.Nxd4 Bxd4 19.Rad1 Nf5 20.Ne2 Kc6 21.Nxd4+ Nxd4 22.Be3 Nf5
23.Bxc5 Kxc5 24.Rd5+ Kb6 25.Rxf5 Re2 26.Rf7 Rhe8 27.f3 Rxb2 28.Rxg7 Ree2
29.h4 Rxa2 30.Rdd7 a5 31.Rxb7+ Kc6 32.Rbc7+ Kb6 33.Rb7+ Kc6 34.Rbc7+ Kb6
35.Rcf7 Kc5 36.Rg4 h6 37.Rf6 a4 38.Rxh6 Kd5 39.Ra6 a3 40.h5 Ra1+ 41.Kh2 Ree1
42.Ra5+ Ke6 43.Rga4 a2 44.Rxa2 Rh1+ 45.Kg3 Rxa2 46.Rxa2 Rxh5 47.Ra6+ Kf7
48.Kg4 Rb5 49.g3 Kg7 50.f4 Rb4 51.Kg5 Rb5+ 52.f5 Rb4  1-0

[Event "39th BPCL ch-IND"]
[Site "Nagpur IND"]
[Date "2002.01.21"]
[Round "6"]
[White "Mishra,N"]
[Black "Ganguly,S"]
[Result "0-1"]
[WhiteElo "2321"]
[BlackElo "2498"]

1.d4 d5 2.c4 dxc4 3.Nf3 Nf6 4.e3 e6 5.Bxc4 c5 6.O-O a6 7.Bb3 Nbd7 8.Qe2 b5
9.a4 Bb7 10.Rd1 Qb6 11.Bc2 Bd6 12.e4 cxd4 13.Nxd4 b4 14.Nd2 Qc7 15.N2f3 O-O
16.Bg5 Ng4 17.h3 Nge5 18.Rac1 Rac8 19.Nxe5 Nxe5 20.Be3 Qb8 21.Bb3 Rxc1 22.Bxc1 Rc8
23.f4 Rxc1 24.Rxc1 Qa7 25.fxe5 Qxd4+ 26.Kf1 Qxe5 27.Rd1 g6 28.Bc2 Bc5 29.Bd3 Qf6+
30.Ke1 b3 31.Rc1 Bb4+ 32.Kd1 Qd4 33.Rc4 Qb6 34.e5 a5 35.Rf4 Qg1+ 36.Qf1 Qe3
37.Qf2 Qxd3+ 38.Kc1 Qd7 39.Rd4 Qc7+ 40.Kb1 Qxe5 41.Rd8+ Kg7 42.Rd7 Be4+ 43.Ka1 Qf6  0-1

[Event "150 SJ Rio Preto"]
[Site "Sao Paulo BRA"]
[Date "2002.01.21"]
[Round "6"]
[White "Molina,Jo"]
[Black "De Souza,M"]
[Result "1/2-1/2"]
[WhiteElo "2261"]
[BlackElo "2343"]

1.d4 d5 2.c4 dxc4 3.Nf3 Nf6 4.e3 e6 5.Bxc4 c5 6.O-O a6 7.dxc5 Qxd1 8.Rxd1 Bxc5
9.a3 Nbd7 10.b4 Ba7 11.Bb2 b5 12.Be2 Bb7  1/2-1/2

[Event "TCh-ISR"]
[Site "ISR"]
[Date "2002.01.26"]
[Round "3"]
[White "Mittelman,G"]
[Black "Karpman,V"]
[Result "1/2-1/2"]
[WhiteElo "2417"]
[BlackElo "2371"]

1.d4 d5 2.c4 dxc4 3.e3 Nf6 4.Bxc4 e6 5.Nf3 c5 6.O-O a6 7.Bb3 Nc6 8.Nc3 Be7
9.Qe2 cxd4 10.Rd1 O-O 11.Nxd4 Nxd4 12.exd4 Nd5 13.Qf3 Nxc3 14.bxc3 Bd6 15.c4 Rb8
16.c5 Bc7 17.Bf4 Bxf4 18.Qxf4 Bd7 19.d5 exd5 20.Rxd5 Qe7 21.Rad1 Be6 22.Rd6 Bxb3
23.axb3 Rbc8 24.b4 a5 25.h3 axb4 26.Qxb4 Rc7 27.Qd4 g6 28.Rd7  1/2-1/2

[Event "It"]
[Site "Bijeljina Dvorovi YUG"]
[Date "2002.01.28"]
[Round "3"]
[White "Dumitrache,D"]
[Black "Stojanovic,Da"]
[Result "0-1"]
[WhiteElo "2506"]
[BlackElo "2433"]

1.d4 d5 2.c4 dxc4 3.Nf3 Nf6 4.e3 e6 5.Bxc4 c5 6.O-O a6 7.a4 Nc6 8.Nc3 Qc7
9.d5 exd5 10.Nxd5 Nxd5 11.Qxd5 Bd6 12.Ng5 O-O 13.Qe4 g6 14.Qh4 h5 15.f4 Kg7
16.Bd2 f6 17.Ne4 Qe7 18.Ng3 f5 19.Qh3 Be6 20.Bc3+ Kh6 21.Bxe6 Qxe6 22.e4 Qf7
23.exf5 gxf5 24.Rad1 Rad8 25.Rd5 Ne7 26.Rd2 Nc6 27.Kh1 Qg6 28.Rd5 Ne7 29.Rd3 Qg4
30.Nxh5 Qxh3 31.Rxh3 Kg6 32.Rg3+ Kxh5 33.Rg5+ Kh6 34.Bg7+ Kh7 35.Bxf8 Rxf8
36.Re1 Rf6 37.g3 Nc6 38.Re8 Bf8 39.Rc8 Rf7 40.Kg2 c4 41.h4 Bg7 42.Re8 Bxb2
43.Rh5+ Kg6 44.Rg5+ Kh6 45.h5 Bf6 46.Rxf5 Kg7 47.g4 c3 48.h6+ Kg6 49.Re6 Nd4
50.h7 Kxh7 51.Rh5+ Kg7 52.Re8 Rc7 53.Rhh8 c2 54.Reg8+ Kf7 55.Rh7+ Kxg8 56.Rxc7 Nc6  0-1

[Event "Kaissa Open"]
[Site "Kharkov UKR"]
[Date "2002.01.28"]
[Round "7"]
[White "Grinblat,D"]
[Black "Kovalenko,N"]
[Result "1-0"]
[WhiteElo "2396"]
[BlackElo "2172"]

1.d4 d5 2.Nf3 Nf6 3.c4 dxc4 4.e3 e6 5.Bxc4 c5 6.O-O Nc6 7.Qe2 cxd4 8.Rd1 Be7
9.exd4 O-O 10.Nc3 Re8 11.Bf4 Nd5 12.Bg3 a6 13.Ne5 Nxe5 14.Bxd5 Nc6 15.Bxc6 bxc6
16.Rac1 a5 17.Be5 f6 18.Bg3 Bd6 19.Bxd6 Qxd6 20.Ne4 Qc7 21.Rc3 Ba6 22.Qg4 Qe7
23.Qg3 e5 24.Rxc6 Kh8 25.dxe5 Qxe5 26.Qxe5 Rxe5 27.Rxa6 Rb8 28.f3 h6 29.Rd2 Kh7
30.Ra7 f5 31.Ng3 Rc8 32.Nh5 Kg6 33.Nf4+ Kh7 34.Rdd7 Rg8 35.Kf2 Rb5 36.b3 Re5
37.h4  1-0

[Event "FSFMB February"]
[Site "Budapest HUN"]
[Date "2002.02.02"]
[Round "1"]
[White "Dombai,I"]
[Black "Vass,V"]
[Result "0-1"]
[WhiteElo "2214"]
[BlackElo "2182"]

1.d4 d5 2.c4 dxc4 3.e3 Nf6 4.Bxc4 e6 5.Nf3 c5 6.O-O a6 7.Qe2 Nc6 8.Rd1 cxd4
9.exd4 Be7 10.a4 O-O 11.Bf4 Nd5 12.Bg3 b6 13.Nc3 Ncb4 14.Rac1 Bb7 15.h3 Bf6
16.Ne4 Be7 17.Bb3 h6 18.Ne5 Rc8 19.Nc4 Ba8 20.Be5 f5 21.Ned2 Nc6 22.Nf3 Nxe5
23.Nfxe5 Nf4 24.Qd2 Bg5 25.Ne3 Qe7 26.Qe1 Bf6 27.Nxf5 Qb7 28.f3 Bxe5 29.Qxe5 Rxc1
30.Rxc1 Nxh3+ 31.gxh3 Rf6 32.Rc8+ Kh7 33.Rc7 Rg6+ 34.Kh2 Rg2+ 35.Kh1 Qxc7
36.Kxg2 Qxe5 37.dxe5 exf5 38.Kf2 f4 39.Bc4 a5 40.e6 Kg6 41.e7 Bc6 42.b3 Kf6
43.Be2 Kxe7 44.Bd1 Kf6 45.Ke2 Kg5 46.Kf2 Kh4 47.Kg2 Bd5 48.Bc2 h5 49.Bf5 Bxb3
50.Bd7 Kg5 51.Kf2 Kf6 52.h4 Ke5 53.Ke2 Kd4 54.Be8 Kc4 55.Bb5+ Kb4 56.Kd3 Bxa4  0-1

[Event "TCh-ISR"]
[Site "ISR"]
[Date "2002.02.02"]
[Round "4"]
[White "Khmelniker,I"]
[Black "Lev,R"]
[Result "1-0"]
[WhiteElo "2199"]
[BlackElo "2461"]

1.d4 d5 2.c4 dxc4 3.Nf3 Nf6 4.e3 e6 5.Bxc4 c5 6.Qe2 a6 7.dxc5 Bxc5 8.O-O b5
9.Bd3 Nc6 10.Nbd2 Bb7 11.e4 Bb6 12.a4 Nb4 13.Bxb5+ axb5 14.Qxb5+ Nc6 15.Nc4 Nd7
16.Be3 Na7 17.Nd6+ Kf8 18.Nxb7 Nxb5 19.Nxd8 Rxd8 20.axb5 Ke7 21.Ra6 Bxe3
22.fxe3 e5 23.Ra7 Ra8 24.Nxe5 Rxa7 25.Nc6+ Ke6 26.Nxa7 Nc5 27.Nc6 Nxe4 28.Nd4+ Ke7
29.Ra1 Nd6 30.Ra7+ Kf6 31.Kf2 Ke5 32.Re7+ Kd5 33.Rd7 g6 34.b6 Rb8 35.Nb5 Kc6
36.Rxd6+ Kxb5 37.Rf6 Rb7 38.Kf3 Kc5 39.Ke4 Re7+ 40.Kd3 Rd7+ 41.Kc3 Re7 42.e4 Rd7
43.e5 Re7 44.Rd6 Rxe5 45.b7 Re3+ 46.Rd3 Re8 47.Rd7 Kb6 48.Rxf7 h5 49.Rg7 Ka7
50.Rxg6 Kxb7 51.Rg5 h4 52.Rg4 h3 53.gxh3 Re3+ 54.Kd4 Rxh3 55.Rg2 Kc6 56.Ke5 Rh8
57.Rd2 Kc5 58.Kf4 Kc4 59.Kg3 Rg8+ 60.Kf2 Rf8+ 61.Kg1 Rh8 62.Rg2 Kb3 63.Kf1 Rf8+
64.Ke1 Re8+ 65.Kd1 Rd8+ 66.Ke1 Rh8 67.Re2 Rh7 68.Kf1 Rh8 69.Kg2 Rg8+ 70.Kf3 Rf8+
71.Kg4 Rg8+ 72.Kf5 Rf8+ 73.Kg6 Rh8 74.Rd2 Kc4 75.Rf2 Kb4 76.Rf4+ Kb3 77.h4 Kxb2
78.h5  1-0

[Event "7th HIT Open"]
[Site "Nova Gorica SLO"]
[Date "2002.02.04"]
[Round "5"]
[White "Farago,I"]
[Black "Krivec,J"]
[Result "1-0"]
[WhiteElo "2500"]
[BlackElo "2254"]

1.d4 d5 2.Nf3 Nf6 3.c4 dxc4 4.e3 e6 5.Bxc4 c5 6.O-O a6 7.Bb3 b5 8.a4 b4 9.Nbd2 Bb7
10.e4 cxd4 11.e5 Nfd7 12.Nc4 Nc6 13.Bg5 Qc7 14.Rc1 Bc5 15.Nxd4 O-O 16.Nxc6 Qxc6
17.Qg4 Qe4 18.Qh3 h6 19.Bh4 g5 20.Na5 gxh4 21.Nxb7 Qxb7 22.Qg4+ Kh8 23.Qxh4 Kg7
24.Qg4+ Kh8 25.Qh5 Kg7 26.Rc4 Rg8 27.Rg4+ Kf8 28.Bxe6 Rg6 29.Bxd7 Qxd7 30.Rxg6 fxg6
31.Qf3+  1-0

[Event "FSGM February"]
[Site "Budapest HUN"]
[Date "2002.02.08"]
[Round "7"]
[White "Mensch,E"]
[Black "Vajda,S"]
[Result "1/2-1/2"]
[WhiteElo "2380"]
[BlackElo "2367"]

1.d4 d5 2.c4 dxc4 3.Nf3 Nf6 4.e3 e6 5.Bxc4 c5 6.O-O a6 7.Bb3 Nc6 8.Qe2 Qc7
9.Rd1 Be7 10.Nc3 O-O 11.Bd2 b5 12.dxc5 Bxc5 13.Rac1 Qb6 14.e4 Ng4 15.Be1 Nge5
16.Nxe5 Nxe5 17.Qh5 Bd6 18.Bd2 Ng6 19.Be3 Qb8 20.Ne2 Bb7 21.f3 Rd8 22.Bb6 Rd7
23.Bc5 Ne5 24.Bf2 g6 25.Qh3 Rc7 26.Rb1 Bc5 27.Bxc5 Rxc5 28.Qg3 a5 29.Qf2 Qc7
30.Rbc1 Rc8 31.Rxc5 Qxc5 32.Rd8+ Kg7 33.Rxc8 Qxf2+ 34.Kxf2 Bxc8 35.Bc2 g5
36.Nd4 Bd7 37.Ke2 Kf6 38.Bd3 Nxd3 39.Kxd3 Ke5 40.g3 f5 41.Ke3 f4+ 42.gxf4+ gxf4+
43.Kd3 Be8 44.b4 axb4 45.Nc2 Bh5 46.Ke2 Kd6 47.Nxb4 e5 48.Nd3  1/2-1/2

[Event "7th HIT Open"]
[Site "Nova Gorica SLO"]
[Date "2002.02.08"]
[Round "9"]
[White "Olarasu,G"]
[Black "Barle,J"]
[Result "1-0"]
[WhiteElo "2293"]
[BlackElo "2375"]

1.d4 Nf6 2.Nf3 d5 3.c4 dxc4 4.e3 e6 5.Bxc4 c5 6.O-O cxd4 7.Nxd4 Be7 8.Nc3 O-O
9.e4 Qc7 10.Qe2 a6 11.Bb3 b5 12.e5 Nfd7 13.Bf4 Bb7 14.Rac1 Qb6 15.Rfd1 Bc5
16.Nf3 Rd8 17.Ne4 Bxe4 18.Qxe4 Bxf2+ 19.Kf1 Qa7 20.Ng5 g6 21.Qf3 Bb6 22.Nxf7 Rf8
23.Bxe6 Nc5 24.Rxc5 Bxc5 25.Bh6 Nc6 26.Nd8+ Kh8 27.Bxf8  1-0

[Event "FSGM February"]
[Site "Budapest HUN"]
[Date "2002.02.10"]
[Round "9"]
[White "Hoang Thanh Trang"]
[Black "Vajda,S"]
[Result "1/2-1/2"]
[WhiteElo "2431"]
[BlackElo "2367"]

1.d4 d5 2.c4 dxc4 3.e3 Nf6 4.Bxc4 e6 5.Nf3 c5 6.O-O a6 7.a4 Nc6 8.Qe2 Be7
9.Rd1 Qc7 10.Nc3 O-O 11.h3 Rd8 12.d5 exd5 13.Nxd5 Nxd5 14.Rxd5 Be6 15.Rxd8+ Nxd8
16.e4 Bxc4 17.Qxc4 Ne6 18.Be3 Rd8 19.Rc1 Qd6 20.a5 h6 21.Qb3 Qc6 22.Qc4 Qb5
23.Qxb5 axb5 24.Ra1 Nc7 25.Kf1 Na6 26.Ke2 Nb4 27.Rc1 Nd3 28.Rc2 Nb4 29.Rc1 Nd3
30.Rc2 Nb4 31.Rc1 Nd3  1/2-1/2

[Event "TCh-FIN 2001-02"]
[Site "FIN"]
[Date "2002.02.16"]
[Round "7"]
[White "Tuominen,M"]
[Black "Tiitta,S"]
[Result "0-1"]
[WhiteElo "2138"]
[BlackElo "2237"]

1.Nf3 d5 2.d4 Nf6 3.e3 c5 4.c4 dxc4 5.Bxc4 e6 6.O-O a6 7.dxc5 Qxd1 8.Rxd1 Bxc5
9.b3 b5 10.Be2 Nbd7 11.Bb2 Bb7 12.Nbd2 Ke7 13.Ne5 Nxe5 14.Bxe5 Nd7 15.Bb2 f6
16.Nf3 Rhd8 17.Rac1 Rac8 18.Nd4 g6 19.Bf3 Bxf3 20.Nxf3 e5 21.Kf1 Bd6 22.h3 a5
23.Ke2 Nc5 24.Nd2 f5 25.f3 Ke6 26.Nb1 b4 27.Nd2 a4 28.Rc4 axb3 29.axb3 Ra8
30.Rdc1 Ra5 31.R1c2 Be7 32.Rxb4 Ra2 33.Rb6+ Rd6 34.Rxd6+ Bxd6 35.Nc4 Nxb3
36.Nxd6 Kxd6 37.Bxe5+ Kxe5 38.Rxa2 Nc1+  0-1

[Event "Petrov Mem Open"]
[Site "St Petersburg RUS"]
[Date "2002.02.16"]
[Round "5"]
[White "Zacurdajev,M"]
[Black "Kholtygina,N"]
[Result "1/2-1/2"]
[WhiteElo "2210"]
[BlackElo "2091"]

1.d4 d5 2.c4 dxc4 3.Nf3 Nf6 4.e3 e6 5.Bxc4 c5 6.O-O a6 7.a4 Nc6 8.Qe2 Qc7
9.Nc3 Bd6 10.Rd1 O-O 11.h3 b6 12.dxc5 Bxc5 13.e4 Ne5 14.Nxe5 Qxe5 15.Kh1 Nh5
16.Be3 Bb7 17.Bxc5 Qxc5 18.b3 Nf4 19.Qe3 Qg5 20.Bf1 Qe5 21.Qxb6 Qxc3 22.Rac1 Qb2
23.Qxb7 Qxf2 24.Rc3 Ne2 25.Bxe2 Qxe2 26.Rdc1 h6 27.Qb4 Rad8 28.R3c2 Qd3 29.Rc3 Qe2
30.R3c2 Qd3 31.Rc3  1/2-1/2

[Event "Petrov Mem Open"]
[Site "St Petersburg RUS"]
[Date "2002.02.17"]
[Round "6"]
[White "Torbin,K"]
[Black "Zakharchenko,A"]
[Result "1-0"]
[WhiteElo "2337"]
[BlackElo "2395"]

1.d4 d5 2.Nf3 Nf6 3.c4 dxc4 4.e3 e6 5.Bxc4 c5 6.O-O a6 7.Qe2 b5 8.Bd3 cxd4
9.Rd1 Be7 10.Nxd4 O-O 11.a4 bxa4 12.Rxa4 Bb7 13.e4 Nfd7 14.Bc2 Bg5 15.f4 Be7
16.Kh1 Bc5 17.e5 Qe7 18.Nb3 Bc6 19.Nxc5 Nxc5 20.Rad4 Bb5 21.Qf3 Nc6 22.Rd6 Nb4
23.Be4 Nxe4 24.Qxe4 a5 25.Nc3 Rab8 26.f5 exf5 27.Qxf5 Bc6 28.Bg5 Qb7 29.Qg4 Kh8
30.h4 Qc8 31.Qg3 Qf5 32.Rf6 Qc2 33.Rfd6 Qf5 34.Rf6 Qc2 35.Rg1 Qd3 36.Qxd3 Nxd3
37.Rxc6  1-0

[Event "Open"]
[Site "Malaga ESP"]
[Date "2002.02.27"]
[Round "6"]
[White "Hernando Rodrigo,Jo"]
[Black "Cifuentes Parada,R"]
[Result "1/2-1/2"]
[WhiteElo "2389"]
[BlackElo "2521"]

1.d4 d5 2.c4 dxc4 3.e3 Nf6 4.Bxc4 e6 5.Nf3 c5 6.O-O Nc6 7.Qe2 cxd4 8.Rd1 Be7
9.exd4 O-O 10.Nc3 Na5 11.Bd3 b6 12.Bg5 Bb7 13.Rac1 Rc8 14.Bb1 Nd5 15.Qe4 g6
16.Qh4 f6 17.Qh6 Rf7 18.Nxd5 Bxd5 19.Rxc8 Qxc8 20.Be3 Nc4 21.b3 Nd6 22.Qh3 Bf8
23.Ne1 Nb5 24.Bd3 Nc3 25.Rc1 Rc7 26.Rc2 b5 27.Qg3 b4 28.h4 Kh8 29.Bf4 Rc6
30.Qe3 Bg7 31.g4 e5 32.dxe5 fxe5 33.Bg3 Qxg4 34.Kh2 Qd4 35.Qg5 e4 36.Bxe4 Bc4
37.bxc4 h6 38.Qe7 Qc5 39.Qe8+ Kh7 40.Rd2 Rc8 41.Qf7 Qxc4 42.Qxa7 Nb5 43.Qb7 Qc6
44.Qf7 Rf8 45.Qe7 Re8 46.Qf7 Rf8 47.Qe7 Qe8 48.Qxb4 Bc3 49.Rd7+ Qxd7 50.Qxf8 Bg7
51.Qa8 Nc3 52.Ng2 Bd4 53.Nf4 Qf7 54.Qc6 Be5 55.a4 Nxa4 56.Qxa4 Bxf4  1/2-1/2

[Event "Anibal Open"]
[Site "Linares ESP"]
[Date "2002.03.01"]
[Round "1"]
[White "Nielsen,PH"]
[Black "Navarro,R"]
[Result "1-0"]
[WhiteElo "2642"]
[BlackElo "2292"]

1.d4 d5 2.c4 dxc4 3.Nf3 Nf6 4.e3 c5 5.Bxc4 e6 6.O-O a6 7.Bb3 Be7 8.Nc3 O-O
9.Qe2 Qc7 10.dxc5 Bxc5 11.e4 e5 12.Bg5 Nbd7 13.Rac1 h6 14.Bxf6 Nxf6 15.Na4 b6
16.Nxc5 bxc5 17.Qe3 Nd7 18.Nh4 Qb6 19.Rfd1 Ra7 20.Nf5 c4 21.Qg3 Qf6 22.Rxc4 Nb8
23.Rd6 Be6 24.Rc5 Rd7 25.Rxd7 Nxd7 26.Rc6 Rd8 27.h3 Nb8 28.Rb6 a5 29.Bxe6 fxe6
30.Rxe6  1-0

[Event "Ciocaltea Mem"]
[Site "Bucharest ROM"]
[Date "2002.03.06"]
[Round "3"]
[White "Bets,A"]
[Black "Svetushkin,D"]
[Result "0-1"]
[WhiteElo "2383"]
[BlackElo "2501"]

1.d4 d5 2.c4 dxc4 3.e3 e6 4.Bxc4 Nf6 5.Nf3 c5 6.O-O a6 7.Bb3 b5 8.a4 b4 9.a5 Nc6
10.Ba4 Bd7 11.dxc5 Bxc5 12.Nbd2 Qe7 13.Nb3 Bd6 14.Nbd4 Nxd4 15.Bxd7+ Nxd7
16.Nxd4 Nc5 17.Bd2 Qb7 18.h3 Rc8 19.Qg4 O-O 20.Rfd1 Ne4 21.Be1 Rc5 22.Rac1 Rxc1
23.Rxc1 Nc5 24.Rd1 Be7 25.Bxb4 f5 26.Nxf5 Rxf5 27.Bxc5 Bxc5 28.Rd8+ Kf7 29.Qa4 Qxb2
30.Rd7+ Be7 31.Qh4 Qf6 32.Qxh7 Qh6 33.Qxh6 gxh6 34.g4 Rxa5 35.Kg2 Ra2 36.Kg3 a5
37.h4 Ke8 38.Ra7 a4 39.Ra6 a3 40.Rxe6 Rc2 41.Rxh6 a2 42.Ra6 Bf6 43.g5 a1=Q
44.Rxa1 Bxa1 45.f4 Rc3 46.Kf3 Bb2 47.f5 Bc1 48.Kg4 Rc4+ 49.Kh5 Bxe3 50.g6 Ke7
51.g7 Kf7 52.f6 Rc5+ 53.Kg4 Bd4 54.h5 Bxf6 55.h6 Bxg7 56.hxg7 Kxg7  0-1

[Event "Anibal Open"]
[Site "Linares ESP"]
[Date "2002.03.07"]
[Round "7"]
[White "Kempinski,R"]
[Black "Magem Badals,J"]
[Result "1-0"]
[WhiteElo "2576"]
[BlackElo "2502"]

1.d4 d5 2.c4 dxc4 3.Nf3 Nf6 4.e3 e6 5.Bxc4 c5 6.O-O a6 7.dxc5 Qxd1 8.Rxd1 Bxc5
9.Bd2 Nc6 10.Bc3 Ke7 11.Nbd2 Bb4 12.Bxb4+ Nxb4 13.Nb3 Nc6 14.Rac1 Rd8 15.Rxd8 Nxd8
16.Nc5 b6 17.Nd3 Bb7 18.Nd4 Rc8 19.f3 Ne8 20.Kf2 Nd6 21.Bb3 Rxc1 22.Nxc1 Nc6
23.Nxc6+ Bxc6 24.e4 Bb5 25.e5 Nb7 26.Ke3 Nc5 27.Bc2 a5 28.a3 h6 29.f4 f6
30.g3 fxe5 31.fxe5 Nd7 32.Kd4 Nb8 33.Be4 Bc6 34.Ne2 Bxe4 35.Kxe4 Nc6 36.h4 Kd7
37.Nf4 Ke7 38.Ng2 Kd7 39.g4 Ke7 40.Ne3 Kd7 41.Nc4 Kc7 42.Kf4 Ne7 43.g5 h5
44.g6 Nxg6+ 45.Kg5 Ne7 46.Kxh5 Kc6 47.Kg5 Kc5 48.Nd6 Kd5 49.h5 Kxe5 50.Ne8 Ng8
51.Nxg7 Kd5 52.Kg6 e5 53.Nf5 Ke6 54.Ng3 b5 55.Kg7 Nf6 56.h6 Ke7 57.Ne4 Nh5+
58.Kg8 Nf4 59.h7 Ng6 60.Kg7 Nh8 61.Kxh8 Kf7 62.b4 axb4 63.axb4  1-0

[Event "Spring Festival"]
[Site "Budapest HUN"]
[Date "2002.03.16"]
[Round "2"]
[White "Weglarz,L"]
[Black "Kis,B"]
[Result "1/2-1/2"]
[WhiteElo "2362"]
[BlackElo "2189"]

1.Nf3 d5 2.d4 Nf6 3.c4 dxc4 4.e3 c5 5.Bxc4 e6 6.O-O Nc6 7.Nc3 a6 8.Bb3 Qc7
9.d5 exd5 10.Nxd5 Nxd5 11.Qxd5 Be6 12.Qe4 Qe7 13.Bxe6 Qxe6 14.Qxe6+ fxe6
15.Ng5 Nd8 16.Bd2 Be7 17.Ne4 O-O 18.Rfc1 b6 19.Rab1 Nb7 20.b4 Rac8 21.bxc5 Nxc5
22.Bb4 Nxe4 23.Bxe7 Rxc1+ 24.Rxc1 Rxf2 25.Rc4 Rf1+ 26.Kxf1 Nd2+ 27.Ke2 Nxc4
28.Bd8 b5 29.Bc7 Kf7 30.Kd3 e5 31.e4 Ke6 32.Kc3 Kd7 33.Bb8 Kc8 34.Ba7 Kb7
35.Bc5 Kc6 36.Bf8 g6 37.Kd3 Nb6 38.Bb4 Nc4 39.Be7 Kd7 40.Bf6 Ke6 41.Bd8 Nd6
42.Bc7 Nb7 43.Ke3 Nc5 44.Bb8 Nd7  1/2-1/2

[Event "Spring Festival"]
[Site "Budapest HUN"]
[Date "2002.03.20"]
[Round "6"]
[White "Weglarz,L"]
[Black "Vass,V"]
[Result "1/2-1/2"]
[WhiteElo "2362"]
[BlackElo "2182"]

1.Nf3 d5 2.d4 Nf6 3.c4 dxc4 4.e3 e6 5.Bxc4 c5 6.O-O a6 7.dxc5 Qxd1 8.Rxd1 Bxc5
9.Nbd2 Nc6 10.a3 b5 11.Be2 Bb7 12.b4 Be7 13.Bb2 O-O 14.Nb3 Rfd8 15.Ne1 Nd7
16.Nd3 a5 17.f3 axb4 18.Nxb4 Nc5 19.Nxc6 Bxc6 20.Nxc5 Bxc5 21.Kf2 Bb6 22.Rxd8+ Rxd8
23.Rc1 Be8 24.Bd4 Bxd4 25.exd4 Kf8 26.Ke3 Ke7 27.Rc7+ Kd6 28.Ra7 Rc8 29.Bd3 g6
30.Ra6+ Kd5 31.Ra5 Rc3 32.a4 Ra3 33.Ra8 Bd7 34.axb5 Rxa8 35.Be4+ Kd6 36.Bxa8 Bxb5
37.Be4 Bc4 38.Kf4 f6 39.h4 Bd5 40.Bc2 Bc6 41.g4 Bd7 42.g5 e5+ 43.dxe5+ fxe5+
44.Ke3 Be6 45.h5 Bf7 46.h6 Ke7 47.Be4 Kd6 48.Kd3 Be8 49.Kc3 Kc5 50.Kd3 Kd6
51.Ke3 Bf7 52.f4 exf4+ 53.Kxf4 Be8 54.Bc2 Bf7 55.Bb1 Bg8  1/2-1/2

[Event "6th Neckar Open"]
[Site "Deizisau GER"]
[Date "2002.03.28"]
[Round "1"]
[White "Dautov,R"]
[Black "Pelt,A"]
[Result "1/2-1/2"]
[WhiteElo "2636"]
[BlackElo "2144"]

1.d4 d5 2.c4 dxc4 3.Nf3 Nf6 4.e3 e6 5.Bxc4 c5 6.O-O a6 7.Bb3 b5 8.a4 c4 9.Bc2 Bb7
10.axb5 axb5 11.Rxa8 Bxa8 12.Qe2 Nc6 13.b3 cxb3 14.Bxb3 Qb6 15.e4 Na5 16.Bc2 Be7
17.Bg5 h6 18.Bh4 Nh5 19.Nc3 Bxh4 20.Nxh4 Nf4 21.Qxb5+ Qxb5 22.Nxb5 O-O 23.Ra1 Nc4
24.Nf3 Bc6 25.Nc3 Rb8 26.Rb1 Ra8 27.Bb3 Ra3 28.g3 Na5 29.d5 exd5 30.exd5 Bd7
31.Nd4 Nxb3 32.Nxb3 Nxd5 33.Nxd5 Be6 34.Ne7+ Kf8 35.Nd4 Kxe7 36.Rb7+ Kf6
37.Nxe6 Kxe6  1/2-1/2

[Event "New White Plus GM open"]
[Site "Dhaka BAN"]
[Date "2002.03.30"]
[Round "1"]
[White "Murshed,N"]
[Black "Abu Sufian,S"]
[Result "1-0"]
[WhiteElo "2448"]
[BlackElo "2219"]

1.d4 d5 2.c4 dxc4 3.e3 Nf6 4.Bxc4 e6 5.Nf3 c5 6.O-O a6 7.a4 cxd4 8.exd4 Nc6
9.Nc3 Be7 10.Bf4 O-O 11.Re1 Nb4 12.Qb3 b6 13.Bg5 Bb7 14.Ne5 Nfd5 15.Nxd5 Nxd5
16.Bxe7 Qxe7 17.Be2 Rac8 18.Bf3 Qc7 19.h3 Rfd8 20.Rad1 Nf6 21.Bxb7 Qxb7 22.Rc1 Rxd4
23.Rxc8+ Qxc8 24.Qxb6 Rxa4 25.Qa7 Qe8 26.Rc1 Nd5 27.Qb7 Ne7 28.Rc7 Ra1+ 29.Kh2 Kf8
30.Nd7+ Kg8 31.Nc5 Kf8 32.Nxa6 f6 33.Nc5 Kf7 34.Qe4 e5 35.Qc4+  1-0

[Event "FSGMB April"]
[Site "Budapest HUN"]
[Date "2002.04.02"]
[Round "1"]
[White "Lukacs,P"]
[Black "Vajda,S"]
[Result "1/2-1/2"]
[WhiteElo "2460"]
[BlackElo "2387"]

1.d4 d5 2.c4 dxc4 3.Nf3 Nf6 4.e3 e6 5.Bxc4 c5 6.O-O a6 7.a4 Nc6 8.Qe2 Qc7
9.Nc3 Be7 10.Rd1 O-O 11.b3 b6 12.Bb2 Bb7 13.d5 exd5 14.Nxd5 Nxd5 15.Bxd5 Rad8
16.Qc4 Qc8 17.Qf4 Kh8 18.e4 f6 19.Nh4 Ne5 20.Nf5 Ng6 21.Qg4 Bxd5 22.exd5 Rf7
23.h3 Bf8 24.d6 Ne5 25.Bxe5 fxe5 26.Ne3 Qxg4 27.Nxg4 Bxd6 28.Nxe5 Rff8 29.Nc6 Rd7
30.Kf1  1/2-1/2

[Event "Economic Faculty"]
[Site "Subotica YUG"]
[Date "2002.04.02"]
[Round "8"]
[White "Drazic,S"]
[Black "Bistric,F"]
[Result "1-0"]
[WhiteElo "2471"]
[BlackElo "2486"]

1.d4 d5 2.Nf3 Nf6 3.c4 dxc4 4.e3 e6 5.Bxc4 c5 6.Qe2 a6 7.dxc5 Bxc5 8.O-O b5
9.Bd3 Nc6 10.Nbd2 O-O 11.e4 e5 12.h3 Be6 13.Rd1 Qb6 14.Nf1 Nd4 15.Nxd4 Bxd4
16.Nh2 Nd7 17.Nf3 Nc5 18.Nxd4 exd4 19.b3 Rad8 20.Bb2 Bc8 21.Rac1 Rfe8 22.Bb1 Ne6
23.Qg4 h6 24.e5 Bb7 25.h4 a5 26.Rd2 Rd5 27.Qg3 Red8 28.Rcd1 Kf8 29.Be4 R5d7
30.Bf5 b4 31.Kh2 Ba6 32.f4 d3 33.Bg4 Nc5 34.Qe3 Rd5 35.Bf3 R5d7 36.f5 Na4
37.Qxb6 Nxb6 38.e6 Re7  1-0